00521nam a22001817a 450000500170000001000150001702000260003203500140005803700130007208200110008510000200009624500770011626000400019327000440023330000260027750000190030370000170032220181205123421.0 aENG-116691 a9788184845211c680.00 aEN-100223 bDBAD/PUB a349.54 aThakur, Anupama aDoctrine of ultra vires in india /cby Anupama Thakur [and] Sunil Deshta aNew DelhibRegal Publicationsc2016 aF-159 Rajouri GardenbNew Delhie110027 axvii,130p. c23cm(Hb) aIncludes index aSunil,Deshta